书目信息 |
| 题名: |
微控制器USB的信号和协议实现
|
|
| 作者: | ;工业和信息化部人才交流中心 , 恩智浦(中国)管理有限公司 编著 | |
| 分册: | ||
| 出版信息: | 北京 电子工业出版社 2018.03 |
|
| 页数: | 269页 | |
| 开本: | 24cm | |
| 丛书名: | 物联网与人工智能应用开发丛书 | |
| 单 册: | ||
| 中图分类: | TP332.3 , TP336 | |
| 科图分类: | ||
| 主题词: | 微控制器--USB总线 | |
| 电子资源: | ||
| ISBN: | 978-7-121-33801-4 | |
| 000 | 01299oam2 2200277 450 | |
| 001 | 5664 | |
| 005 | 20181020113455.77 | |
| 010 | @a978-7-121-33801-4@dCNY58.00 | |
| 100 | @a20180513d2018 em y0chiy50 ea | |
| 101 | 0 | @achi |
| 102 | @aCN@b110000 | |
| 105 | @aak az 000yy | |
| 200 | 1 | @a微控制器USB的信号和协议实现@9wei kong zhi qi usb de xin hao he xie yi shi xian@f工业和信息化部人才交流中心,恩智浦(中国)管理有限公司编著 |
| 210 | @a北京@c电子工业出版社@d2018.03 | |
| 215 | @a269页@c图@d24cm | |
| 225 | 2 | @a物联网与人工智能应用开发丛书 |
| 320 | @a有书目 | |
| 330 | @a本书从实践应用出发,结合示波器的波形图和USB协议分析仪提供的记录信息,对在USB开发过程中研发人员会遇到的一些实际问题进行详尽讲解,力求让读者深入了解USB的协议规范,并介绍了USB认证的内容和流程,为在实际开发过程中的USB认证提供参考。本书还对新的USB TYPE-C和供电技术进行了相关介绍,并通过具体实例的讲解,使读者对于USB新技术的发展能有所了解。 | |
| 461 | 0 | @12001 @a物联网与人工智能应用开发丛书 |
| 606 | 0 | @a微控制器@xUSB总线 |
| 690 | @aTP332.3@v5 | |
| 690 | @aTP336@v5 | |
| 711 | 02 | @a工业和信息化部人才交流中心@9gong ye he xin xi hua bu ren cai jiao liu zhong xin@4编著 |
| 711 | 02 | @a恩智浦(中国)管理有限公司@9en zhi pu( zhong guo) guan li you xian gong si@4编著 |
| 801 | 0 | @aCN@b91MARC@c20180513 |
| 905 | @aMuseLib@dTP332.3@e181 | |
| 微控制器USB的信号和协议实现/工业和信息化部人才交流中心,恩智浦(中国)管理有限公司编著.-北京:电子工业出版社,2018.03 |
| 269页:图;24cm.-(物联网与人工智能应用开发丛书) |
| ISBN 978-7-121-33801-4:CNY58.00 |
| 本书从实践应用出发,结合示波器的波形图和USB协议分析仪提供的记录信息,对在USB开发过程中研发人员会遇到的一些实际问题进行详尽讲解,力求让读者深入了解USB的协议规范,并介绍了USB认证的内容和流程,为在实际开发过程中的USB认证提供参考。本书还对新的USB TYPE-C和供电技术进行了相关介绍,并通过具体实例的讲解,使读者对于USB新技术的发展能有所了解。 |
| ● |
| 相关链接 |
|
|
|
|
正题名:微控制器USB的信号和协议实现
索取号:TP332.3/181
 
预约/预借
| 序号 | 登录号 | 条形码 | 馆藏地/架位号 | 状态 | 备注 |
| 1 | 1130721 | 211307218 | 第二样本阅览室/ [索取号:TP332.3/181] | 在馆 | |
| 2 | 1130722 | 211307227 | 第三借阅区/ [索取号:TP332.3/181] | 在馆 | |
| 3 | 1130723 | 211307236 | 第三借阅区/ [索取号:TP332.3/181] | 在馆 | |
| 4 | 1130724 | 211307245 | 第三借阅区/ [索取号:TP332.3/181] | 在馆 | |
| 5 | 1130725 | 211307254 | 第三借阅区/ [索取号:TP332.3/181] | 在馆 |